Name the 26 cantons of Switzerland and then the capitals - Statistics

General Stats
  • This quiz has been taken 35 times
    14 since last reset
  • The average score is 22 of 52
Answer Stats
Hint Answer % Correct
2 Bern
85%
25 Geneva
85%
25 Geneva
85%
1 Zurich
85%
1 Zurich
85%
10 Fribourg
69%
10 Fribourg
69%
26 Jura
69%
3 Lucerne
69%
3 Lucerne
69%
24 Neuchâtel
69%
24 Neuchâtel
69%
17 St. Gall
62%
17 St. Gall
62%
21 Ticino
62%
22 Lausanne
54%
23 Valais
54%
22 Vaud
54%
16 Appenzell
46%
26 Delémont
46%
7 Nidwald
46%
6 Obwald
46%
5 Schwyz
46%
5 Schwyz
46%
21 Bellinzona
38%
18 Chur
38%
8 Glarus
38%
8 Glarus
38%
18 Grisons
38%
23 Sion
38%
4 Uri
38%
19 Aarau
31%
4 Altdorf
31%
19 Argovia
31%
15 Herisau
31%
14 Schaffhouse
31%
14 Schaffhouse
31%
20 Thurgovia
31%
9 Zoug
31%
9 Zoug
31%
20 Frauenfeld
23%
13 Liestal
23%
7 Stans
23%
6 Sarnen
15%
12 Basle
8%
11 Soleure
8%
11 Soleure
8%
16 Appenzell Inner-Rhodes
0%
15 Appenzell Outer-Rhodes
0%
12 Basle-City
0%
13 Basle-Country
0%
2 Bern Berne
0%
No matching quizzes found
Score Distribution
Percent of People with Each Score
Percentile by Number Answered
Your Score History
You have not taken this quiz since the last reset